Arthshastra ke sinddhant, Part 1 (Record no. 1327757)

MARC details
000 -LEADER
fixed length control field 00569nam a2200205Ia 4500
005 - DATE AND TIME OF LATEST TRANSACTION
control field 20250508151128.0
008 - FIXED-LENGTH DATA ELEMENTS--GENERAL INFORMATION
fixed length control field 008 250505s9999 xx 000 0 hin d
037 ## - SOURCE OF ACQUISITION
Stock number Textual
040 ## - CATALOGING SOURCE
Original cataloging agency FEDL
Language of cataloging eng
Transcribing agency FEDL
041 ## - LANGUAGE CODE
Language code of text/sound track or separate title hin
Source of code hin
084 ## - COLON CLASSIFICATION NUMBER
Classification number 330, SAX
Assigning agency FEDL
100 ## - MAIN ENTRY--PERSONAL NAME
Personal name Saxsena Ram Narayan
9 (RLIN) 758473
245 #0 - TITLE STATEMENT
Title Arthshastra ke sinddhant, Part 1
260 ## - PUBLICATION, DISTRIBUTION, ETC.
Place of publication, distribution, etc. Calcutta, India
Name of publisher, distributor, etc. Hari Shankar Chatterjee
300 ## - PHYSICAL DESCRIPTION
Extent 341p
650 ## - SUBJECT ADDED ENTRY--TOPICAL TERM
Topical term or geographic name entry element Economics
700 ## - ADDED ENTRY--PERSONAL NAME
Personal name Gupta Ragu Raj
9 (RLIN) 758474
942 ## - ADDED ENTRY ELEMENTS (KOHA)
Koha item type Textual
Classification part 330, SAX
Holdings
Withdrawn status Lost status Damaged status Not for loan Home library Current library Date acquired Total Checkouts Full call number Barcode Date last seen Price effective from Koha item type
        Department of Education Library Department of Education Library 2025-05-08   330, SAX EL0007693 2025-05-08 2025-05-08 Textual
Copyright @ Delhi University Library System